000 00571nam a2200181 i 4500
001 140821
003 ES-MaACL
005 20240516063054.0
007 t|
008 070917s1923 fr ||||1| fre d
100 0 _aWells, H. G.,
_d1866-1946
_9116458
245 1 0 _aFaillite de la democratie?
_b: (after democracy...) /
_cH. G. Wells ; traduit de l'anglais par Henri Thiers.
260 _aParis :
_b[s.n.],
_c1933 (
_fArde)
300 _a242 p. ;
_c19 cm.
700 1 _aThiers, Henri.
_9109957
852 _aES-MaACL
_jB-12859
999 _c140821
_d140821